000 00297nam a22001337a 4500
008 180129b xxu||||| |||| 00| 0 eng d
020 _a02532115
041 _aeng
080 _a338
100 _a54
101 _aman
245 _astrtegic planning and management
_channa.n
942 _2udc
_cBK
999 _c41128
_d41128